Statistics for World Cup 1994 Bulgaria Team

Click here to take the quiz!

General Stats

  • This quiz has been taken 171 times
  • The average score is 8 of 22

Answer Stats

Pos. Player % Correct
FWHristo Stoichkov
99%
MFIordan Letchkov
83%
DFTrifon Ivanov
81%
GKBorislav Mikhailov
72%
MFKrassimir Balakov
66%
FWEmil Kostadinov
63%
FWNasko Sirakov
52%
MFDaniel Borimirov
40%
MFZlatko Yankov
34%
DFEmil Kremenliev
32%
DFTsanko Tsvetanov
27%
MFIvaylo Yordanov
27%
DFIlian Kiryakov
26%
MFBoncho Genchev
24%
DFNikolai Iliev
20%
MFGeorgi Georgiev
18%
GKPlamen Nikolov
16%
DFPetar Houbchev
11%
FWVelko Yotov
10%
FWIvaylo Andonov
9%
FWPetar Alexandrov
7%
FWPetar Mikhtarski
6%

Score Distribution

Percentile by Number Answered

Percent of People with Each Score

Your Score History

You have not taken this quiz